00649nam a2200193Ia 4500008004100000020001500041082001800056100002100074245004000095250000800135260002700143300000900170500002400179650001600203942000700219952010700226952010700333999001500440230524s9999 xx 000 0 und d a8187328231 a621.3824bRAJ aV.Soundara Rajan 0aAntenna Theroy and Wave Propagation a6TH aCUTTACKbScitechc2000 a6.35 aQuantity Number: 2 aElectronics cBK 00104070aTATCLbTATCLcGENd2023-05-24l0o621.3824 RAJp6950r2023-05-24w2023-05-24yBKzPEEC5304 00104070aTATCLbTATCLcGENd2023-05-24l0o621.3824 RAJp6951r2023-05-24w2023-05-24yBKzPEEC5304 c4209d4209